Biblioteca

Los sangurimas / José de la Cuadra (Registro nro. 40442)

Detalles MARC
000 -LÍDER
Campo fijo de descripción fija 003880000a22001570004500
020 ## - NÚMERO INTERNACIONAL NORMALIZADO PARA LIBROS
Número Internacional Normalizado del libro 958-06-1518-7
041 0# - CÓDIGO DE IDIOMA
Código de idioma para texto/pista de sonido o título separado
082 04 - NÚMERO DE CLASIFICACIÓN DECIMAL DEWEY
Número de clasificación G 863 C961s
001 - NÚMERO DE CONTROL
Campo de control 11071
100 1# - ASIENTO PRINCIPAL--NOMBRE PERSONAL
Nombre personal Cuadra, José de la (1903-1941)
245 10 - TÍTULO
Título del Material Los sangurimas / José de la Cuadra
260 ## - PUBLICACIÓN, DISTRIBUCIÓN, ETC. (PIE DE IMPRENTA)
Lugar de publicación, distribución, etc. Quito, Ecuador : El Conejo
300 ## - DESCRIPCIÓN FÍSICA
Extensión 82 Pag
942 ## - TIPO DE MATERIAL (KOHA)
Tipo de Item KOHA Libros General
Existencias
Estado de Material Estado de Perdido Estado de Dañado No para Préstamo Colección Tomo Biblioteca de Origen Biblioteca Permanente Fecha de Adquisición Total de Préstamos Signatura Topográfica Código de Barras Última vez visto Ejemplar/Existencia Fecha de Remplazo Tipo de Material
        Colección General   Biblioteca FUSBC Biblioteca FUSBC 26/01/2005   G 863 C961s 10320 12/12/2019 1 26/01/2016 Libros General

Biblioteca FUSBC | Teléfono: (57+4) 349 88 10 Ext. 141| WhatsApp (+57) 3005338115 
E-mail: biblioteca@unisbc.edu.co | Calle 76 87-14 Robledo Palenque, Medellín, Colombia

Con tecnología Koha